000 01183nam a2200277 a 4500
005 20020626165708.0
008 000825s2001 nyu | b 00| 1 eng
010 _aENG-91581
020 _a9788124114124
_c295.00
035 _aEN-75114
037 _bDBAD / PUB
040 _adpl
_bEnglish
082 _a305.512209541
100 _aSharma, Brij Kishore
245 _aSocial, economic and political contribution of caste associations in Northern India:
_cby Brij Kishore Sharma
_b(a case study of All India Jat Mahasabha) /
260 _aNew Delhi
_bHar-Anand Publications
_c2008
270 _aE-49/3, Okhla Industrial Area, Phase-II,
_bNew Delhi
_e110020
300 _a148p.
_c22cm (Hb)
500 _aIncludes bibliographical references and index
610 _aAll India Jat Mahasabha
650 _aJats
_zIndia
_xSocieties, etc
_vSources.
651 _aIndia
_xPolitics and Government
_y1919-1947
942 _2ddc
_cEN
_mSHA
_h305.512209541
999 _c18201
_d18201